000
00308nam a22001457a 4500
008
210426b ||||| |||| 00| 0 eng d
020
_a
9781853392504
041
_a
eng
080
_a
574
082
_a
574
100
_a
9
101
_a
MJE
245
_a
Beyond Farmer First
_c
Scoones,I
942
_2
udc
_c
BK
999
_c
56775
_d
56775